000 00658nam a2200205Ia 4500
003 GCL
008 140319s9999 xx 000 0 ara d
040 _aGCL /
_cGCL
082 0 4 _a658.91
_bح ا
100 1 _aحمدى مصطفى المعاز
245 1 0 _aانظمة الرقابة الحديثة فى منشأت الاعمال /
_cحمدى مصطفى المعاز
260 _a[S.N] :
_bدار النهضة العربية ،
_c1987
300 _a417 ص
490 _a
650 0 4 _aادارة الاعمال
650 0 4 _aالتخطيط
650 0 4 _aالرقابة الادارية
650 0 4 _aالهيكل التنظيمى
942 _2ddc
_cBK
999 _c37101
_d37101